000 00810cab a2200253 4500
001 ABS56592
008 090401t1997 xxu||||| |||| 00| 0 eng d
035 _a(Sirsi) u24732
041 _aeng
100 _aSmithers, T.
245 _aLegal issues surrounding landfill gas energy recovery projects
260 _c1997
350 _a0
490 _aWastes Management
_vFebruary 1997, 19-20(2)
520 _aConsiders why landfill gas recovery is high on the alternative energy agenda and outlines the legal issues surrounding LFG energy recovery projects. Also looks at ownership and licensing issues.
650 _aENERGY RECOVERY
650 _aLANDFILL GAS
650 _aLANDFILL SITES
650 _aPPG22
650 _aWASTE MANAGEMENT
690 _aLAND
942 _n0
948 _c04/03/1997
999 _c16593
_d16593